PharLap Embedded ToolSuite ETS sporý operační systém s Win32 API

Bibliographic Details
Main Author: Reisner, Ladislav (Author)
Format: Article
Language:Slovak
Czech
PhysicalDescription:Tab.
ISSN:1335-2237
Subjects:

MARC

LEADER 00000nab a2200000 a 4500
001 vtls000813466
003 SK-MaSNL
005 20260304103507.0
008 250429c2002 xo 0 slo
015 |a SNBRB2002/11-35300 
035 |a CLN000165121 
035 |a urn:nbn:sk:snk-abf6qm 
035 |a (urnnbn)urn:nbn:sk:snk:ar-0018o8 
035 |a (uuid)5db1c842-97b1-4e07-a015-a1804c57d23b 
040 |a SNKBUCL  |b slo  |c SNKBUCL  |e AACR2 
041 0 |a cze 
044 |a xo  |c SK 
080 |a 681.3.066  |2 1997 
100 1 |a Reisner, Ladislav  |4 aut  |9 597858 
245 1 0 |a PharLap Embedded ToolSuite ETS sporý operační systém s Win32 API  |c Ladislav Reisner 
300 |b Tab. 
650 0 7 |a PharLap ETS (operačný systém)  |2 snkbucl  |9 1401950 
650 0 7 |a systémy operačné reálneho času  |2 snkbucl  |9 1400797 
655 7 |a články z novín a časopisov  |2 snkbucl  |9 267496 
773 0 |t AT&P journal  |g Roč. 9, č. 6 (2002), s. 70-71  |x 1335-2237 
850 |a Slovenská národná knižnica 
852 |a Slovenská národná knižnica 
954 |a odborná, vedecká literatúra cudzojazyčná (svetová)  |2 lita 
958 |a article23 
958 |a OND 
958 |a EUIPO 
992 |a RBX 
999 |c 2849049  |d 2850979